| 000 | 00875nam a22002897a 4500 | ||
|---|---|---|---|
| 001 | BR7375765 | ||
| 003 | BR-BrBNA | ||
| 005 | 20230928084440.0 | ||
| 007 | ta | ||
| 008 | 230509b bl.||||| |||| 00| 0 por d | ||
| 040 |
_aBR-BrBNA _bpor _cBiblioteca Nacional de Agricultura |
||
| 041 | _a(Por) | ||
| 072 | _aE10 | ||
| 090 | _ E10 BR7375765 | ||
| 100 | 1 | _aSchultz, T.W. | |
| 245 | 1 | _aA transformacao da agricultura tradicional [Organizacao; Planejamento; Custo; Empresa; Fatores agricolas; Investimento; Mao-de-obra] | |
| 260 | 3 |
_aRio de Janeiro, GB (Brasil): _bZahar, _c1965. |
|
| 300 | _a207 p. | ||
| 500 | _aTranslation of: Transforming traditional agriculture | ||
| 650 | _aEMPRESA AGRICOLA | ||
| 650 | _aINVESTIMENTO | ||
| 650 | _aMAO-DE-OBRA | ||
| 650 | _aCUSTO | ||
| 650 | _aTECNOLOGIA AGRICOLA | ||
| 909 |
_a202309 _bLucia _c55 _dLucia Elande |
||
| 942 | _cBK | ||
| 999 |
_c19022 _d19022 |
||